Nábytek : encyklopedie /

Další autoři: Matysová, Veronika, 1976-
Jazyk: Čeština
Vydáno: Praha : Svojtka & Co., 2008
Vydání: Dotisk 1. českého vyd. [i.e. 2. vyd.]
Témata:
Fyzický popis: 448 s. : il. (převážně barev.), faksim. ; 29 cm
Knihy
Uloženo v:
LEADER 01695nam a2200493 a 4500
001 nkc20081830016
003 CZ PrNK
005 20100609153205.0
007 ta
008 081112s2008 xr ah e e 001 0 cze
015 |a cnb001830016 
020 |a 978-80-256-0104-4  |q (váz.) 
035 |a (OCoLC)316300134 
040 |a ABA001  |b cze 
041 1 |a cze  |h eng 
072 7 |a 645  |x Nábytek  |2 Konspekt  |9 19 
080 |a 645.4/.6  |2 MRF 
080 |a 749.1  |2 MRF 
080 |a (031)  |2 MRF 
245 0 0 |a Nábytek :  |b encyklopedie /  |c [překlad Veronika Matysová ... et al.] 
246 3 |a Nábytek - encyklopedie 
246 3 |a Encyklopedie - nábytek 
246 3 |a Encyklopedie nábytku 
250 |a Dotisk 1. českého vyd. [i.e. 2. vyd.] 
260 |a Praha :  |b Svojtka & Co.,  |c 2008 
300 |a 448 s. :  |b il. (převážně barev.), faksim. ;  |c 29 cm 
500 |a Přeloženo z angličtiny 
500 |a Obálkový podnázev: úplný a vyčerpávající průvodce historií nábytku 
500 |a Chronologický přehled 
500 |a Terminologický slovník 
500 |a Obsahuje rejstřík 
650 0 7 |a nábytek  |7 ph115489  |x dějiny  |2 czenas 
650 0 7 |a historický nábytek  |7 ph120738  |2 czenas 
650 0 9 |a furniture  |x history  |2 eczenas 
650 0 9 |a historic furniture  |2 eczenas 
655 7 |a encyklopedie  |7 fd132201  |2 czenas 
655 9 |a encyclopedias  |2 eczenas 
700 1 |a Matysová, Veronika,  |d 1976-  |7 jn20010310113  |4 trl 
765 0 |t Encyclopedia of furniture  |9 Česky 
910 2 |a BOA001  |b 3-1216.032 
990 |a BK 
995 |a 01 
991 |b 200901  |c NOV 
996 6 |b 2610362662  |c 3-1216.032  |l MZK  |r Sklad / do 1 hodiny  |n 3  |p p.v.  |w 000925099  |u 000010  |a 1  |e BOA001  |j MZK50  |s P